| 000 | 01206nam a2200313 a 4500 | ||
|---|---|---|---|
| 001 | 4929542 | ||
| 003 | NUST | ||
| 005 | 20221219125412.0 | ||
| 008 | 950125s1994 enk b 001 0aeng d | ||
| 010 | _a 95107972 | ||
| 020 | _a0099387212 | ||
| 035 | _a(OCoLC)31938069 | ||
| 040 |
_aUk _cUk _dDLC |
||
| 042 | _alccopycat | ||
| 043 | _au-at--- | ||
| 050 | 0 | 4 |
_aPN5516.P55 _bA3 1994 |
| 082 | 0 | 0 |
_a070.92,PIL _220 |
| 100 | 1 |
_aPilger, John. _999612 |
|
| 245 | 1 | 0 |
_aDistant voices / _cJohn Pilger. |
| 250 | _aRev. ed. | ||
| 260 |
_aLondon : _bVintage, _c1994. |
||
| 300 |
_axv, 625 p. ; _c20 cm. |
||
| 504 | _aInvisible Britain (Page-21), Distant Voice of Dissent (Page-61), The Quiet Death of the Labour party (Page-95), Mythmakers of the Gulf War (Page-123), War by other Means (Page-191), East Timor (Page-231), Tributes (Page-325), On the Read (Page-369), Combodia (Page-399), Under the Volcano (Page-495), Australia (Page-521). | ||
| 600 | 1 | 0 |
_aPilger, John. _999612 |
| 650 | 0 |
_aJournalists _zAustralia _xBiography. _9105202 |
|
| 906 |
_a7 _bcbc _ccopycat _d2 _encip _f19 _gy-gencatlg |
||
| 942 |
_2ddc _cBK |
||
| 999 |
_c592727 _d592727 |
||